[Event "100th YMCA Winter D"]
[Site "Warszawa"]
[Date "2012.03.14"]
[Round "10"]
[White "Gajewski, Wojciech"]
[Black "Rodak, Przemyslaw"]
[Result "0-1"]
[WhiteElo "1481"]
[BlackElo "1566"]
[PlyCount "42"]
[EventDate "2012.01.03"]
[EventType "tourn"]
[EventRounds "1"]
[EventCountry "POL"]
[SourceDate "2012.01.03"]

1. f4 d5 2. Nf3 Nf6 3. e3 c5 4. b3 e6 5. Bb2 Be7 6. Be2 Nbd7 7. Na3 a6 8. c4
O-O 9. O-O b6 10. Qe1 Ne4 11. d3 Bf6 12. Ne5 Nd6 13. Bf3 Bb7 14. Rd1 Qc7 15.
Nxd7 Bxb2 16. Nxf8 Bxa3 17. Nxh7 Kxh7 18. Qh4+ Kg8 19. g4 Bb2 20. g5 Nf5 21.
Qe1 Nxe3 0-1

[Event "100th YMCA Winter D"]
[Site "Warszawa"]
[Date "2012.01.19"]
[Round "10"]
[White "Solnicki, Maciej"]
[Black "Jankiewicz, Maciej"]
[Result "1/2-1/2"]
[WhiteElo "1474"]
[BlackElo "1389"]
[PlyCount "58"]
[EventDate "2012.01.03"]
[EventType "tourn"]
[EventRounds "1"]
[EventCountry "POL"]
[SourceDate "2012.01.03"]

1. e4 d5 2. exd5 Nf6 3. d4 Nxd5 4. Nf3 Bg4 5. h3 Bh5 6. c4 Nf6 7. Nc3 e6 8. g4
Bg6 9. Ne5 Ne4 10. Nxg6 Nxc3 11. bxc3 hxg6 12. c5 Qd5 13. f3 Nc6 14. Qe2 Be7
15. Bf4 Bh4+ 16. Kd1 Nxd4 17. Qe4 Qxe4 18. fxe4 Nc6 19. Bxc7 Bd8 20. Bd6 Be7
21. Kc2 O-O-O 22. Rd1 Bxd6 23. cxd6 Rd7 24. Rh2 a6 25. Rhd2 Ne5 26. Bg2 Rhd8
27. Kb3 Kb8 28. Bf1 Nf3 29. Rd3 Ne5 1/2-1/2

[Event "100th YMCA Winter D"]
[Site "Warszawa"]
[Date "2012.03.06"]
[Round "10"]
[White "Olsztynski, Andrzej"]
[Black "Starczewski, Michal"]
[Result "1/2-1/2"]
[WhiteElo "1534"]
[BlackElo "1511"]
[Annotator "M"]
[PlyCount "82"]
[EventDate "2012.01.03"]
[EventType "tourn"]
[EventRounds "1"]
[EventCountry "POL"]
[SourceDate "2012.01.03"]

1. e4 c5 2. Nf3 Nc6 3. Bb5 d6 4. O-O Bd7 5. Re1 Nf6 6. c3 e5 7. d4 cxd4 8. cxd4
a6 9. Bxc6 Bxc6 10. dxe5 dxe5 11. Nxe5 Qxd1 12. Rxd1 Bxe4 13. Nc3 Bc5 14. Re1
O-O-O 15. Nxe4 Nxe4 16. Be3 Bxe3 17. Rxe3 Nd6 18. Rc1+ Kb8 19. Rd3 Rhe8 20. f4
f6 $11 21. Nf3 Nf5 22. Rxd8+ Rxd8 23. Kf2 Rc8 24. Rxc8+ Kxc8 25. g4 Nd6 26. b3
Kd7 27. Nd4 g6 28. Ke3 f5 29. h3 Ke7 30. gxf5 Nxf5+ 31. Ke4 Nxd4 32. Kxd4 Kd6
33. b4 b6 34. a4 a5 35. b5 Ke6 36. h4 h6 37. Kc4 Kd6 38. Kd4 Ke6 39. Ke4 h5 40.
Kd4 Kd6 41. Kc4 Ke6 1/2-1/2

[Event "100th YMCA Winter D"]
[Site "Warszawa"]
[Date "2012.03.13"]
[Round "11"]
[White "Sokur, Ivan"]
[Black "Jackiewicz, Jerzy"]
[Result "1-0"]
[WhiteElo "1458"]
[BlackElo "1668"]
[PlyCount "107"]
[EventDate "2012.01.03"]
[EventType "tourn"]
[EventRounds "1"]
[EventCountry "POL"]
[SourceDate "2012.01.03"]

1. d4 Nf6 2. c4 e6 3. Nc3 d5 4. Bg5 c6 5. Nf3 Be7 6. Bxf6 Bxf6 7. e3 Nd7 8.
cxd5 exd5 9. Bd3 Be7 10. O-O h6 11. a3 O-O 12. Qc2 Nf6 13. Rac1 Be6 14. Rfd1
Bg4 15. Be2 Bh5 16. Ne5 Bxe2 17. Nxe2 Nd7 18. Nxd7 Qxd7 19. b4 a6 20. Qd3 f5
21. Nf4 Bd6 22. Ne2 Qe7 23. f4 Rae8 24. Rc3 Rf6 25. Ng3 g6 26. Re1 Qf8 27. Qf1
h5 28. h4 Rfe6 29. Qf2 Qe7 30. Nf1 Kg7 31. Nd2 Qc7 32. Nf3 Be7 33. g3 Bf6 34.
a4 Qe7 35. Qb2 Re4 36. Rd3 b6 37. Ne5 Qb7 38. Rc1 Rc8 39. Rdc3 Bxe5 40. dxe5 b5
41. axb5 axb5 42. Rc5 Kf7 43. Qc3 Rc4 44. Qb3 Ke6 45. Kf2 Qa7 46. Rc3 Rc7 47.
Qc2 Qb6 48. Kf3 Qa7 49. R3xc4 bxc4 50. Qc3 Qb6 51. Qa3 Rb7 52. Qa8 Rc7 53. Qe8+
Re7 54. Rxc6+ 1-0

[Event "100th YMCA Winter D"]
[Site "Warszawa"]
[Date "2012.03.13"]
[Round "11"]
[White "Jankiewicz, Maciej"]
[Black "Olsztynski, Andrzej"]
[Result "0-1"]
[WhiteElo "1389"]
[BlackElo "1534"]
[PlyCount "54"]
[EventDate "2012.01.03"]
[EventType "tourn"]
[EventRounds "1"]
[EventCountry "POL"]
[SourceDate "2012.01.03"]

1. e4 c5 2. d4 cxd4 3. c3 dxc3 4. Nxc3 Nc6 5. Bc4 e6 6. Nf3 d6 7. O-O Nf6 8.
Qe2 Be7 9. Rd1 e5 10. Bg5 Bg4 11. h3 Bh5 12. g4 Bg6 13. Nb5 a6 14. Bxf6 gxf6
15. Nc3 h5 16. a3 hxg4 17. hxg4 Qd7 18. Nh2 Nd4 19. Qd3 O-O-O 20. Nd5 Kb8 21.
Nb6 Qc6 22. Nd5 Rde8 23. Rac1 Bd8 24. f3 Rh3 25. Qf1 Reh8 26. Rd2 Bb6 27. Nxb6
Qxb6 0-1

[Event "100th YMCA Winter D"]
[Site "Warszawa"]
[Date "2012.03.23"]
[Round "11"]
[White "Rodak, Przemyslaw"]
[Black "Solnicki, Maciej"]
[Result "1-0"]
[WhiteElo "1566"]
[BlackElo "1474"]
[PlyCount "59"]
[EventDate "2012.01.03"]
[EventType "tourn"]
[EventRounds "1"]
[EventCountry "POL"]
[SourceDate "2012.01.03"]

1. d4 d5 2. c4 dxc4 3. e3 a6 4. Bxc4 Nf6 5. Nf3 e6 6. O-O c5 7. Qc2 Qc7 8. b3
b5 9. Be2 Bb7 10. Ba3 Nbd7 11. Nbd2 Rc8 12. Rfc1 Bd6 13. e4 Be7 14. dxc5 Bxc5
15. Qb1 Qb6 16. Bb2 O-O 17. e5 Ng4 18. Rxc5 Nxc5 19. Ng5 g6 20. Bxg4 Rfd8 21.
Nde4 Nxe4 22. Nxe4 Bxe4 23. Qxe4 Rd2 24. Bc1 Rd4 25. Qf3 Qc7 26. Bg5 Qc2 27.
Bh6 f5 28. exf6 Kf7 29. h3 Rd7 30. Rc1 1-0

[Event "100th YMCA Winter D"]
[Site "Warszawa"]
[Date "2012.03.13"]
[Round "11"]
[White "Wilczynski, Adam"]
[Black "Gajewski, Wojciech"]
[Result "1-0"]
[WhiteElo "1654"]
[BlackElo "1481"]
[PlyCount "127"]
[EventDate "2012.01.03"]
[EventType "tourn"]
[EventRounds "1"]
[EventCountry "POL"]
[SourceDate "2012.01.03"]

1. c4 f5 2. g3 Nf6 3. Bg2 g6 4. Nc3 Bg7 5. d3 O-O 6. e4 fxe4 7. dxe4 d6 8. Nge2
c5 9. O-O Nc6 10. h3 Be6 11. Nd5 Qd7 12. Kh2 Kh8 13. Rb1 Bg8 14. Bg5 Nxd5 15.
exd5 Ne5 16. Qb3 a6 17. a4 b5 18. axb5 axb5 19. Qxb5 Qc7 20. Qb3 Rab8 21. Qc2
Nf3+ 22. Bxf3 Rxf3 23. Bd2 e5 24. Bc3 g5 25. Kg2 Rbf8 26. Ng1 R3f6 27. f3 h5
28. Ne2 Bh7 29. Qc1 Bd3 30. Rf2 Qf7 31. Ng1 Bh6 32. Ra1 g4 33. f4 Qg6 34. Qe3
Bxc4 35. Rd2 Re8 36. Re1 Kh7 37. Qe4 Qxe4+ 38. Rxe4 Bb5 39. Rd1 Rf5 40. hxg4
hxg4 41. fxe5 dxe5 42. Rxg4 Rd8 43. Rh4 Rd6 44. g4 Rg6 45. Kh3 Rf1 46. Rxf1
Bxf1+ 47. Kg3 e4 48. Nh3 Kg8 49. Nf4 Bxf4+ 50. Kxf4 Bd3 51. g5 Rd6 52. Ke5 Rg6
53. Rg4 Kf7 54. Rg1 Ke7 55. Rg2 e3 56. Kf4 Kd6 57. Kxe3 Bc4 58. Kf4 Bxd5 59.
Rd2 Ke6 60. Re2+ Kd7 61. Kf5 Rg8 62. g6 Bc4 63. Rd2+ Ke8 64. Bf6 1-0

[Event "100th YMCA Winter D"]
[Site "Warszawa"]
[Date "2012.03.13"]
[Round "11"]
[White "Tomczyk, Ryszard"]
[Black "Markiewicz, Janusz"]
[Result "0-1"]
[WhiteElo "1439"]
[BlackElo "1411"]
[PlyCount "110"]
[EventDate "2012.01.03"]
[EventType "tourn"]
[EventRounds "1"]
[EventCountry "POL"]
[SourceDate "2012.01.03"]

1. d4 e5 2. d5 Bc5 3. e3 e4 4. a3 Nf6 5. b4 Bd6 6. Bb2 Qe7 7. Bc4 Be5 8. c3 O-O
9. Ne2 d6 10. h3 Bf5 11. Qc2 Nfd7 12. Nd2 Bf6 13. Ng3 Bg6 14. Ndxe4 Kh8 15.
O-O-O Nb6 16. Ba2 Re8 17. f3 Bh4 18. Qe2 N8d7 19. Bb1 Na4 20. Ba1 f5 21. Bc2
Nab6 22. Nf1 fxe4 23. f4 Qf7 24. Bb3 h6 25. g3 Bf6 26. Qc2 a5 27. Bb2 a4 28.
Ba2 Qe7 29. Kb1 c5 30. dxc6 bxc6 31. Qd2 d5 32. Qe2 Qf7 33. h4 h5 34. Nh2 Be7
35. Rd2 Nf6 36. g4 hxg4 37. Nxg4 Nxg4 38. Qxg4 Bh5 39. Qg3 Qf5 40. Rg1 Bf6 41.
Rdg2 Re7 42. Qf2 Nc4 43. Bxc4 dxc4 44. Qe1 Rd7 45. Kc2 Rad8 46. Qg3 Qh7 47. Qh3
Bd1+ 48. Kc1 Bb3 49. Kb1 Rd1+ 50. Rxd1 Rxd1+ 51. Bc1 Qg8 52. Qf5 Qd5 53. Qc8+
Kh7 54. Qg4 Qd3+ 55. Kb2 Qxc3+ 0-1

[Event "100th YMCA Winter D"]
[Site "Warszawa"]
[Date "2012.03.13"]
[Round "11"]
[White "Bartczak, Hanna"]
[Black "Wojcikiewicz, Dariusz"]
[Result "0-1"]
[WhiteElo "1645"]
[BlackElo "1434"]
[PlyCount "138"]
[EventDate "2012.01.03"]
[EventType "tourn"]
[EventRounds "1"]
[EventCountry "POL"]
[SourceDate "2012.01.03"]

1. Nf3 b6 2. g3 Bb7 3. Bg2 Nf6 4. O-O Nc6 5. c4 e6 6. Nc3 Be7 7. d4 d5 8. b3
O-O 9. Bb2 dxc4 10. Ne5 Na5 11. Bxb7 Nxb7 12. bxc4 Nd6 13. e4 Ndxe4 14. Nxe4
Nxe4 15. Re1 Nd6 16. Qe2 Bf6 17. f4 Bxe5 18. dxe5 Nf5 19. g4 Nd4 20. Qf2 Nc6
21. Rad1 Qe7 22. Qf3 Na5 23. Ba3 c5 24. Qe4 Rad8 25. Bb2 Qb7 26. Qxb7 Nxb7 27.
Bc3 Rxd1 28. Rxd1 Rd8 29. Rd2 Rxd2 30. Bxd2 f6 31. Kf2 fxe5 32. fxe5 Nd8 33.
Kf3 Nc6 34. Bc3 Kf7 35. Kf4 a6 36. a4 Kg6 37. h4 Ne7 38. Ke4 h5 39. g5 Nc6 40.
Be1 Nd4 41. a5 bxa5 42. Bxa5 Nb3 43. Bc3 a5 44. Kd3 Kf5 45. Kc2 a4 46. Kb2 Kg4
47. Be1 Nd4 48. Bf2 Kf5 49. Ka3 Kxe5 50. Kxa4 g6 51. Ka5 Kd6 52. Kb6 e5 53. Bg3
Nf5 54. Bf2 Nd4 55. Bg3 Nf3 56. Bf2 Nd4 57. Bg3 Nb3 58. Bf2 e4 59. Bg3+ Ke6 60.
Kb5 e3 61. Ka4 Nd2 62. Kb5 Ne4 63. Be1 e2 64. Kc6 Ke5 65. Kd7 Kd4 66. Ke6 Kxc4
67. Kf7 Kd3 68. Kxg6 c4 69. Kxh5 c3 0-1

[Event "100th YMCA Winter D"]
[Site "Warszawa"]
[Date "2012.03.22"]
[Round "12"]
[White "Jackiewicz, Jerzy"]
[Black "Wojcikiewicz, Dariusz"]
[Result "1/2-1/2"]
[WhiteElo "1668"]
[BlackElo "1434"]
[PlyCount "41"]
[EventDate "2012.01.03"]
[EventType "tourn"]
[EventRounds "1"]
[EventCountry "POL"]
[SourceDate "2012.01.03"]

1. c4 b6 2. Nf3 Bb7 3. e3 e6 4. Nc3 Nf6 5. d4 Bb4 6. Qc2 Ne4 7. Bd2 Ng5 8. Be2
Qf6 9. O-O-O Nxf3 10. gxf3 Bxf3 11. Bxf3 Qxf3 12. Rdg1 g6 13. h4 h5 14. Rh2 Nc6
15. a3 Bd6 16. Rhg2 O-O-O 17. b4 Be7 18. Rh2 Bd6 19. Rhg2 Be7 20. Rh2 Bd6 21.
Rhg2 1/2-1/2

[Event "100th YMCA Winter D"]
[Site "Warszawa"]
[Date "2012.03.20"]
[Round "12"]
[White "Markiewicz, Janusz"]
[Black "Bartczak, Hanna"]
[Result "0-1"]
[WhiteElo "1411"]
[BlackElo "1645"]
[PlyCount "138"]
[EventDate "2012.01.03"]
[EventType "tourn"]
[EventRounds "1"]
[EventCountry "POL"]
[SourceDate "2012.01.03"]

1. e4 d6 2. c3 Nf6 3. Qc2 c6 4. d4 e5 5. Nf3 Nbd7 6. Bc4 Be7 7. Be3 O-O 8. O-O
b5 9. Bd3 Qc7 10. h3 Re8 11. Nbd2 Nf8 12. Rac1 Ng6 13. dxe5 dxe5 14. Ng5 h6 15.
Ngf3 Be6 16. c4 b4 17. b3 Nh5 18. Be2 Nhf4 19. Bd1 Bf6 20. Kh2 Qd7 21. Ng1 Bd8
22. Bf3 Bc7 23. Rfd1 Qc8 24. Nf1 Bb6 25. c5 Bd8 26. Rd2 Bg5 27. Ng3 Nh4 28.
Rcd1 Nxf3+ 29. Nxf3 Bf6 30. Nf5 Bxf5 31. Bxf4 Bxh3 32. Bxh6 Bxg2 33. Ng1 Qg4
34. f3 Bxf3 35. Nxf3 Qxf3 36. Rd3 Qxe4 37. Qf2 Bh4 38. Qg1 Qg6 39. Qxg6 fxg6
40. Bd2 a5 41. Kh3 Bf2 42. Rc1 Rad8 43. Rxd8 Rxd8 44. Bg5 Rd5 45. Be7 e4 46.
Kg2 e3 47. Kf3 Kf7 48. Bd6 Rf5+ 49. Ke2 g5 50. Bc7 g4 51. Bxa5 g3 52. Kf1 e2+
53. Kxe2 g2 54. Bxb4 g1=Q 55. Rxg1 Bxg1 56. a4 Bxc5 57. Be1 Re5+ 58. Kf1 Rxe1+
59. Kxe1 Bb4+ 60. Ke2 Ke6 61. Ke3 Ke5 62. Kd3 Kd5 63. Ke3 g5 64. Kd3 g4 65. Ke3
g3 66. Kf3 Kd4 67. Kxg3 Kc3 68. Kf4 Kxb3 69. a5 Bxa5 0-1

[Event "100th YMCA Winter D"]
[Site "Warszawa"]
[Date "2012.03.20"]
[Round "12"]
[White "Gajewski, Wojciech"]
[Black "Tomczyk, Ryszard"]
[Result "0-1"]
[WhiteElo "1481"]
[BlackElo "1439"]
[PlyCount "76"]
[EventDate "2012.01.03"]
[EventType "tourn"]
[EventRounds "1"]
[EventCountry "POL"]
[SourceDate "2012.01.03"]

1. d4 Nf6 2. Nf3 b6 3. Bf4 Bb7 4. e3 d6 5. Nbd2 g6 6. h3 Bg7 7. Be2 Nbd7 8. O-O
O-O 9. c3 c5 10. a4 Nd5 11. Bg3 N5f6 12. Qc2 Qc7 13. Ng5 Ne8 14. Bf3 Rc8 15.
Bxb7 Qxb7 16. Qd3 h6 17. Ngf3 Nc7 18. e4 Rfd8 19. d5 Nf6 20. c4 Nh5 21. Bh2
Bxb2 22. Ra2 Bg7 23. e5 dxe5 24. Nxe5 Kh7 25. f4 Na6 26. Nc6 Qxc6 27. Qe4 Qd7
28. Nf3 Nf6 29. Qe2 Nb4 30. Ra3 Qb7 31. f5 Re8 32. Be5 Qd7 33. g4 gxf5 34. g5
Ne4 35. Bxg7 Kxg7 36. gxh6+ Kh7 37. Kh2 Qd6+ 38. Kh1 Ng3+ 0-1

[Event "100th YMCA Winter D"]
[Site "Warszawa"]
[Date "2012.01.25"]
[Round "12"]
[White "Solnicki, Maciej"]
[Black "Wilczynski, Adam"]
[Result "0-1"]
[WhiteElo "1474"]
[BlackElo "1654"]
[PlyCount "80"]
[EventDate "2012.01.03"]
[EventType "tourn"]
[EventRounds "1"]
[EventCountry "POL"]
[SourceDate "2012.01.03"]

1. e4 c5 2. Nf3 d6 3. d4 cxd4 4. Nxd4 Nf6 5. Nc3 a6 6. Be2 e5 7. Nb3 Be7 8. O-O
O-O 9. Be3 Be6 10. Qd2 Nbd7 11. Rfd1 Qc7 12. f3 Nb6 13. Rac1 d5 14. exd5 Nbxd5
15. Nxd5 Nxd5 16. Bf2 Rfd8 17. Qe1 Bg5 18. Rb1 Qxc2 19. Nc5 Nf4 20. Nxe6 Nxe6
21. Bb6 Rxd1 22. Qxd1 Qc6 23. Qb3 Nd4 24. Bxd4 exd4 25. Bc4 Be3+ 26. Kh1 Qc7
27. Bd5 Rb8 28. Be4 b5 29. g3 g6 30. Re1 Qc4 31. Bd5 Qxb3 32. Bxb3 Rc8 33. Kg2
Kg7 34. Kf1 a5 35. Re2 a4 36. Bd5 f5 37. Kg2 Rc5 38. Bb7 Kf6 39. f4 h6 40. Kf3
g5 0-1

[Event "100th YMCA Winter D"]
[Site "Warszawa"]
[Date "2012.03.22"]
[Round "12"]
[White "Olsztynski, Andrzej"]
[Black "Rodak, Przemyslaw"]
[Result "0-1"]
[WhiteElo "1534"]
[BlackElo "1566"]
[PlyCount "128"]
[EventDate "2012.01.03"]
[EventType "tourn"]
[EventRounds "1"]
[EventCountry "POL"]
[SourceDate "2012.01.03"]

1. e4 e6 2. d4 d5 3. exd5 exd5 4. Nf3 Bd6 5. Nc3 Nf6 6. Bg5 c6 7. Bd3 O-O 8.
O-O Bg4 9. h3 Bh5 10. g4 Bg6 11. Ne5 Re8 12. f4 Qb6 13. Ne2 Bxd3 14. cxd3 Nbd7
15. Kh1 Rab8 16. Rb1 Be7 17. Qd2 Nf8 18. Bxf6 gxf6 19. Nf3 Bb4 20. Nc3 Ne6 21.
a3 Bd6 22. Ne2 Qc7 23. Nh4 Qb6 24. Nf5 Bf8 25. Rg1 Kh8 26. Qe1 Nxf4 27. Qh4
Rxe2 28. Qxf6+ Kg8 29. Qg5+ Ng6 30. h4 Qd8 31. Qh5 Bd6 32. Rgf1 Bf8 33. g5 Rd2
34. Qf3 Qc7 35. Rf2 Rxf2 36. Qxf2 Qf4 37. Nh6+ Bxh6 38. Qxf4 Nxf4 39. gxh6 Re8
40. Rg1+ Kh8 41. Rg7 Re7 42. Kg1 Nxd3 43. b4 Nf4 44. Kf2 Ne2 45. Rg4 f5 46. Rg5
Nxd4 47. a4 f4 48. h5 Re2+ 49. Kf1 Re7 50. Kf2 a6 51. Rg4 Rf7 52. Rg5 Nf5 53.
b5 axb5 54. axb5 Nxh6 55. bxc6 bxc6 56. Kf3 Ng8 57. Rg1 c5 58. Rg5 Ne7 59. h6
c4 60. Re5 c3 61. Re6 d4 62. Rd6 c2 63. Rd8+ Ng8 64. Rc8 d3 0-1

[Event "100th YMCA Winter D"]
[Site "Warszawa"]
[Date "2012.03.20"]
[Round "12"]
[White "Sokur, Ivan"]
[Black "Starczewski, Michal"]
[Result "0-1"]
[WhiteElo "1458"]
[BlackElo "1511"]
[PlyCount "78"]
[EventDate "2012.01.03"]
[EventType "tourn"]
[EventRounds "1"]
[EventCountry "POL"]
[SourceDate "2012.01.03"]

1. d4 Nf6 2. c4 g6 3. Nc3 Bg7 4. Bg5 O-O 5. Bxf6 Bxf6 6. e3 d6 7. Qc2 e5 8. d5
c6 9. e4 Nd7 10. Bd3 Nc5 11. Nge2 Bg7 12. O-O cxd5 13. cxd5 Nxd3 14. Qxd3 f5
15. f3 Qb6+ 16. Kh1 Qxb2 17. Nb5 Qb4 18. Rab1 fxe4 19. fxe4 Rxf1+ 20. Rxf1 Bd7
21. Nbc3 Qc5 22. Ng3 Rc8 23. Nce2 Bb5 24. Qb3 b6 25. Rc1 Qxc1+ 26. Ng1 Qc4 27.
Qa3 Qc7 28. Qf3 Qf7 29. Qa3 Bf8 30. Nh3 Qc7 31. Qf3 Qc1+ 32. Ng1 Rc2 33. Qf6
Qd2 34. Qf3 Bh6 35. N3e2 Bxe2 36. Qh3 Rc7 37. Qe6+ Rf7 38. Qxd6 Bf1 39. Qd8+
Rf8 0-1

[Event "100th YMCA Winter D"]
[Site "Warszawa"]
[Date "2012.03.29"]
[Round "13"]
[White "Starczewski, Michal"]
[Black "Jackiewicz, Jerzy"]
[Result "1-0"]
[WhiteElo "1511"]
[BlackElo "1668"]
[PlyCount "81"]
[EventDate "2012.01.03"]
[EventType "tourn"]
[EventRounds "1"]
[EventCountry "POL"]
[SourceDate "2012.01.03"]

1. f4 Nc6 2. Nf3 d5 3. e3 Bg4 4. b3 Nf6 5. Bb2 e6 6. Nc3 Be7 7. h3 Bxf3 8. Qxf3
a6 9. O-O-O Qd7 10. g4 O-O-O 11. Ne2 Rhg8 12. Nd4 g6 13. d3 Ne8 14. e4 Nxd4 15.
Bxd4 c5 16. Bc3 d4 17. Ba5 Nc7 18. e5 Rdf8 19. c4 Na8 20. Bg2 Bd8 21. Bd2 f5
22. g5 Rf7 23. h4 Bb6 24. h5 Qc7 25. hxg6 Rxg6 26. a3 Ba5 27. b4 cxb4 28. axb4
Bb6 29. Kb2 Kb8 30. Ra1 Qc6 31. Qxc6 bxc6 32. Bxc6 Ra7 33. Kb3 Bd8 34. c5 Nc7
35. Rxh7 Nd5 36. Rxa7 Kxa7 37. Bxd5 exd5 38. b5 Kb7 39. Rxa6 Rxa6 40. bxa6+
Kxa6 41. g6 1-0

[Event "100th YMCA Winter D"]
[Site "Warszawa"]
[Date "2012.03.27"]
[Round "13"]
[White "Jankiewicz, Maciej"]
[Black "Sokur, Ivan"]
[Result "0-1"]
[WhiteElo "1389"]
[BlackElo "1458"]
[Annotator "M"]
[PlyCount "70"]
[EventDate "2012.01.03"]
[EventType "tourn"]
[EventRounds "1"]
[EventCountry "POL"]
[SourceDate "2012.01.03"]

1. e4 e6 2. d4 d5 3. exd5 exd5 4. Nf3 c5 5. c3 Nc6 6. Be3 c4 7. b3 b5 8. a4 Ba6
9. axb5 Bxb5 10. bxc4 dxc4 11. Nbd2 Qd5 12. Qb1 Nf6 13. Be2 a6 14. O-O Be7 15.
Re1 O-O 16. Ng5 h6 17. Bf3 Qd7 18. Nge4 Nxe4 19. Nxe4 f5 20. Nc5 Bxc5 21. dxc5
Rfd8 22. Bf4 Re8 23. Rxe8+ Rxe8 24. Bd6 Nd8 25. Bd5+ Nf7 26. Qd1 Kh7 27. Bxf7
Qxf7 28. Qf3 Re4 29. h3 Bc6 30. Qd1 Qe6 31. Kh2 Re2 32. Qd4 Bb7 33. Rb1 $11 Qe4
34. Qxe4 Bxe4 35. Kg3 Bxb1 0-1

[Event "100th YMCA Winter D"]
[Site "Warszawa"]
[Date "2012.03.27"]
[Round "13"]
[White "Wilczynski, Adam"]
[Black "Olsztynski, Andrzej"]
[Result "1-0"]
[WhiteElo "1654"]
[BlackElo "1534"]
[PlyCount "53"]
[EventDate "2012.01.03"]
[EventType "tourn"]
[EventRounds "1"]
[EventCountry "POL"]
[SourceDate "2012.01.03"]

1. c4 g6 2. g3 Bg7 3. Bg2 e5 4. Nc3 d6 5. e4 Nc6 6. Nge2 f5 7. d3 Nf6 8. h3 O-O
9. Bg5 Qe8 10. Qd2 Be6 11. Nd5 Qd7 12. b4 Bxd5 13. exd5 Ne7 14. Bh6 e4 15. Bxg7
Kxg7 16. Nf4 Rfe8 17. Ne6+ Kg8 18. dxe4 fxe4 19. Qc3 Kf7 20. O-O c6 21. Ng5+
Kg7 22. Nxe4 Rf8 23. dxc6 bxc6 24. Rad1 d5 25. Nc5 Qf5 26. g4 Qf4 27. Ne6+ 1-0

[Event "100th YMCA Winter D"]
[Site "Warszawa"]
[Date "2012.03.30"]
[Round "13"]
[White "Tomczyk, Ryszard"]
[Black "Solnicki, Maciej"]
[Result "0-1"]
[WhiteElo "1439"]
[BlackElo "1474"]
[PlyCount "52"]
[EventDate "2012.01.03"]
[EventType "tourn"]
[EventRounds "1"]
[EventCountry "POL"]
[SourceDate "2012.01.03"]

1. e4 c5 2. Nf3 Nc6 3. a3 e6 4. d4 cxd4 5. Nxd4 Nf6 6. Nc3 Be7 7. Ndb5 O-O 8.
Bf4 e5 9. Be3 d6 10. a4 Ng4 11. Bc1 a6 12. h3 Nxf2 13. Kxf2 axb5 14. Bxb5 f5
15. Bc4+ Kh8 16. Kg3 f4+ 17. Kh2 Bh4 18. Rf1 Bg3+ 19. Kh1 Qh4 20. Qd2 f3 21.
Rxf3 Rxf3 22. gxf3 Qxh3+ 23. Kg1 Nd4 24. Qg2 Nxf3+ 25. Qxf3 Qh2+ 26. Kf1 Bh3+
0-1

[Event "100th YMCA Winter D"]
[Site "Warszawa"]
[Date "2012.03.21"]
[Round "13"]
[White "Bartczak, Hanna"]
[Black "Gajewski, Wojciech"]
[Result "0-1"]
[WhiteElo "1645"]
[BlackElo "1481"]
[PlyCount "88"]
[EventDate "2012.01.03"]
[EventType "tourn"]
[EventRounds "1"]
[EventCountry "POL"]
[SourceDate "2012.01.03"]

1. d4 Nf6 2. c4 Nc6 3. Nf3 e6 4. Nc3 Bb4 5. Qc2 d6 6. Bg5 Qe7 7. e3 e5 8. d5
Nb8 9. Be2 O-O 10. O-O Bxc3 11. Qxc3 Bg4 12. e4 Nbd7 13. b4 Nxe4 14. Bxe7 Nxc3
15. Bd1 Rfe8 16. Bh4 Nxd1 17. Rfxd1 e4 18. Nd4 Bxd1 19. Rxd1 e3 20. f3 a6 21.
Ne2 h6 22. Bg3 Rac8 23. Rd4 b5 24. Kf1 bxc4 25. Rxc4 Ne5 26. Rc3 c5 27. bxc5
Rxc5 28. Rxe3 Rxd5 29. f4 Rd3 30. Re4 f5 31. Ra4 Nf7 32. Rxa6 Rd1+ 33. Be1 Rb1
34. Ra5 g6 35. Rd5 Ra8 36. Nc3 Rc1 37. a4 Re8 38. Ne2 Ra1 39. a5 Re6 40. Rb5
Kf8 41. Rb2 Nd8 42. Kf2 Nc6 43. Bc3 Ra3 44. Rd2 Rxe2+ 0-1

[Event "100th YMCA Winter D"]
[Site "Warszawa"]
[Date "2012.03.27"]
[Round "13"]
[White "Wojcikiewicz, Dariusz"]
[Black "Markiewicz, Janusz"]
[Result "1-0"]
[WhiteElo "1434"]
[BlackElo "1411"]
[PlyCount "141"]
[EventDate "2012.01.03"]
[EventType "tourn"]
[EventRounds "1"]
[EventCountry "POL"]
[SourceDate "2012.01.03"]

1. b3 e5 2. Bb2 Nc6 3. e3 a6 4. g3 Nf6 5. Bg2 d5 6. d3 Bc5 7. Nc3 O-O 8. Nge2
Ne7 9. O-O c6 10. Na4 Bd6 11. c4 dxc4 12. dxc4 Ng6 13. Nb6 Qxb6 14. Qxd6 Bg4
15. Qd2 Rad8 16. Qc2 Rd7 17. h3 Bxe2 18. Qxe2 Rfd8 19. Rfd1 Qa5 20. Rxd7 Rxd7
21. Qc2 Qd8 22. Bc3 Ne8 23. Bf3 f6 24. Bg4 Re7 25. Bb4 e4 26. Rd1 Qc7 27. Bxe7
Qxe7 28. Rd7 Qe5 29. Rxb7 f5 30. Bh5 Nd6 31. Ra7 a5 32. Qd2 Qa1+ 33. Kg2 Qf6
34. Qd4 Qf8 35. Rxa5 f4 36. Bxg6 fxg3 37. Kxg3 Qf3+ 38. Kh4 Qxf2+ 39. Kg4 Qg2+
40. Kf4 Qh2+ 41. Kg4 hxg6 42. Ra8+ Kh7 43. Qd1 Qg2+ 44. Kf4 g5+ 45. Ke5 Nf7+
46. Kd4 Qxh3 47. Kxe4 Qe6+ 48. Kd3 Ne5+ 49. Kc3 g4 50. Qh1+ Kg6 51. Qe4+ Kf6
52. Qf4+ Kg6 53. Qe4+ Kf7 54. Ra7+ Nd7 55. Qxe6+ Kxe6 56. Kd2 g5 57. Ke2 Ne5
58. Rh7 Kf5 59. Rh1 g3 60. Rg1 Kg4 61. a4 c5 62. a5 Nc6 63. a6 Na7 64. e4 Kf4
65. e5 Kxe5 66. Rxg3 Kf4 67. Rd3 g4 68. Kf2 Nc6 69. Rd5 g3+ 70. Kg2 Nb4 71. a7
1-0